Catálogo público

Razas de maíz en Oaxaca [DVD] (Record no. 102407)

MARC details
000 -CABECERA
campo de control de longitud fija 00919nam a2200301 a 4500
003 - IDENTIFICADOR DEL NÚMERO DE CONTROL
campo de control CHAP
005 - FECHA Y HORA DE LA ÚLTIMA TRANSACCIÓN
campo de control 20220329143827.0
008 - DATOS DE LONGITUD FIJA--INFORMACIÓN GENERAL
campo de control de longitud fija 111019s2011 mx 00010 spa d
010 ## - NÚMERO DE CONTROL DE LA BIBLIOTECA DEL CONGRESO
Número de control de LC 102407
011 ## - ENLACE DEL NUMERO DE CONTROL DE LA BIBLIOTECA DEL CONGRESO [OBSOLETO]
Número de control de LC 103379
035 ## - NÚMERO DE CONTROL DEL SISTEMA
Número de control de sistema 114068
040 ## - FUENTE DE LA CATALOGACIÓN
Centro/agencia transcriptor CHAP
090 ## - LOCALMENTE ASIGNADO TIPO-LC NÚMERO DE CLASIFICACIÓN (OCLC); NÚMERO DE CLASIFICACIÓN LOCAL (RLIN)
Número de clasificación (OCLC) (R) ; Numero de clasificación, CALL (RLIN) (NR) CD-374
100 00 - ENTRADA PRINCIPAL--NOMBRE DE PERSONA
Nombre de persona Aragon Cuevas, Flavio.
9 (RLIN) 6429
245 10 - MENCIÓN DE TÍTULO
Título Razas de maíz en Oaxaca [DVD]
Mención de responsabilidad, etc. /por Flavio Aragón Cuevas
300 ## - DESCRIPCIÓN FÍSICA
Extensión 1 DVD ;
Dimensiones 4 3/4 plgs.
500 ## - NOTA GENERAL
Nota general Video duración 25 minutos
590 ## - NOTA LOCAL (RLIN)
Nota local BATCH-UPD
Procedencia (VM) [OBSOLETO] 10
Condición del los carretes individuales (VM) [OBSOLETO] 20130110
-- UCH01
-- 1237
590 ## - NOTA LOCAL (RLIN)
Nota local BATCH-UPD
Procedencia (VM) [OBSOLETO] 10
Condición del los carretes individuales (VM) [OBSOLETO] 20130410
-- UCH01
-- 0805
590 ## - NOTA LOCAL (RLIN)
Nota local BATCH-UPD
Procedencia (VM) [OBSOLETO] 10
Condición del los carretes individuales (VM) [OBSOLETO] 20130914
-- UCH01
-- 1756
590 ## - NOTA LOCAL (RLIN)
Nota local CONVERSION
Procedencia (VM) [OBSOLETO] 10
Condición del los carretes individuales (VM) [OBSOLETO] 20130109
-- UCH01
-- 1356
650 14 - PUNTO DE ACCESO ADICIONAL DE MATERIA--TÉRMINO DE MATERIA
Término de materia o nombre geográfico como elemento de entrada Maíz
Subdivisión general Genética.
9 (RLIN) 70963
650 14 - PUNTO DE ACCESO ADICIONAL DE MATERIA--TÉRMINO DE MATERIA
Término de materia o nombre geográfico como elemento de entrada Maíz
Subdivisión general Variedades.
9 (RLIN) 71081
650 14 - PUNTO DE ACCESO ADICIONAL DE MATERIA--TÉRMINO DE MATERIA
Término de materia o nombre geográfico como elemento de entrada Maíz
Subdivisión geográfica Oaxaca.
9 (RLIN) 71100
901 ## - ELEMENTOS DE DATOS A LOCAL LDA (RLIN)
a BK
942 ## - ELEMENTOS DE PUNTO DE ACCESO ADICIONAL (KOHA)
Tipo de ítem Koha CD
949 ## - PROCESAMIENTO DE INFORMACIÓN LOCAL (OCLC)
a CD-374
b BC
c CD
d 33724002303355
e CD
g DonaciØn
h 374
i 114068
s b
Holdings
Estado de retiro Estado de pérdida Estado dañado Restricciones de uso No para préstamo Código de colección Localización permanente Ubicación/localización actual Fecha de adquisición Fuente de adquisición Información codificada de la localización en otra ubicación Total de préstamos Signatura topográfica completa Código de barras Fecha visto por última vez Número de copia Precio válido a partir de Tipo de ítem Koha Nota pública Número de inventario
      Préstamo interno2 Excluido de préstamo Material multimedia Biblioteca Central Biblioteca Central 30/09/2014 Donacion CD   CD-374 33724002413363 31/12/2019 c.3 31/12/2019 CD Recien adquirido  
      Préstamo interno2 Excluido de préstamo Material multimedia Biblioteca Central Biblioteca Central 30/09/2014   CD   CD-374 33724002413405 31/12/2019 c.2 31/12/2019 CD Recien adquirido  
      Préstamo 3 días   Material multimedia Biblioteca Central Biblioteca Central 31/12/2019   CD   CD-374 33724002303355 31/12/2019   31/12/2019 CD   127